Normal view
MARC view
- Evans, Brian
Entry Personal Name
001 - CONTROL NUMBER
- control field: 2916
003 - CONTROL NUMBER IDENTIFIER
- control field: OSt
005 - DATE AND TIME OF LATEST TRANSACTION
- control field: 20200114152432.0
008 - FIXED-LENGTH DATA ELEMENTS
- fixed length control field: 200114|| aca||aabn | a|a d
040 ## - CATALOGING SOURCE
- Original cataloging agency: OSt
- Transcribing agency: OSt
100 ## - HEADING--PERSONAL NAME
- Personal name: Evans, Brian
670 ## - SOURCE DATA FOUND
- Source citation: Work cat.: (OSt): Evans, Brian, Beginning Arduino Programming / Writing Code for the Most Popular Microcontroller Board in the World , c2011
